Online
Catalog
Normal view MARC view

Entry Nombre de reunión

Number of records used in: 1

001 - NÚMERO DE CONTROL

  • campo de control: 86805

003 - IDENTIFICADOR DEL NÚMERO DE CONTROL

  • campo de control: DO-SdBNP

005 - FECHA Y HORA DE LA ÚLTIMA TRANSACCIÓN

  • campo de control: 20241114092022.0

008 - DATOS DE LONGITUD FIJA

  • campo de control de longitud fija: 241114|| aca||aabn | a|a d

040 ## - FUENTE DE LA CATALOGACIÓN

  • Centro catalogador/agencia de origen: DO-SdBNP
  • Centro/agencia transcriptor: DO-SdBNP

111 ## - ENCABEZAMIENTO--NOMBRE DE CONGRESO/REUNIÓN

  • Nombre de congreso/reunión o jurisdicción como elemento de entrada: Encuentro internacional pobreza y medio ambiente en el Caribe
  • Sede del congreso/Lugar de la reunión: Santiago, República Dominicana
  • Fecha del congreso/reunión: (1992, octubre. 21-25)

670 ## - FUENTE DE DATOS ENCONTRADOS

  • Cita de la fuente: Work cat.: (DO-SdBNP)3153: 10430, Pobreza y medio ambiente = Poverty and environment = Pauvrete et environnement :

Powered by Koha